000 00846nam a2200301 a 4500
003 AR-BaBNM
005 20251128210206.0
008 082120s2002 ||||||||||||||000 | spa||
020 _a84-85840-20-8
040 _cAR-BaBNM
100 1 _aValls, Enric
245 0 0 _aLos procedimientos
_baprendizaje, enseñanza y evaluación
250 _a2ª ed.
260 _aBarcelona
_bI.C.E. Universitat Barcelona
_bHorsori
_c1995
300 _a206 p.
490 0 _aCuadernos de educación
_vv. 11
500 _aContiene referencias bibliográficas p. 197-206
650 4 _aCURRICULO
650 4 _aAPRENDIZAJE
650 4 _aENSEÑANZA
650 4 _aEVALUACION
653 _aCONTENIDOS PROCEDIMENTALES
653 _aCONTENIDOS CURRICULARES
653 _aESTRATEGIAS EDUCATIVAS
800 1 _aColl, César
942 _cBK
998 _cRaquel
999 _c14448
_d14448